Historia general de las Indias / (Record no. 2144)

000 -CABECERA
fixed length control field 00853nam a22002057a 4500
003 - IDENTIFICADOR DEL NÚMERO DE CONTROL
control field AR-CdUCM
008 - DATOS DE LONGITUD FIJA--INFORMACIÓN GENERAL
fixed length control field 190304b ||||| |||| 00| 0 spa d
040 ## - FUENTE DE LA CATALOGACIÓN
Agencia/entidad que catalogó originalmente la obra MUNICIPALIDAD PROVINCIAL DEL CUSCO
Entidad que transcribió la catalogación BIBLIOTECA MUNICIPAL DEL CUSCO
082 ## - NÚMERO DE LA CLASIFICACIÓN DECIMAL DEWEY
No. de Clasificación 985.0191 /
Notacion interna L86
100 ## - ENTRADA PRINCIPAL--NOMBRE DE PERSONA
Nombre Personal Gómara, Francisco López de,
245 ## - MENCIÓN DE TÍTULO
Título Historia general de las Indias /
260 ## - PUBLICACIÓN, DISTRIBUCIÓN, ETC.
Lugar de publicación, distribución, etc. Barcelona :
Nombre de la editorial, distribuidor, etc. Iberia,
Fecha de publicación, distribución, etc. 1954.
300 ## - DESCRIPCIÓN FÍSICA
Nº de Páginas Extensión 477 páginas ;
Dimensiones 19 cm.
505 ## - NOTA DE CONTENIDO CON FORMATO
Nota de contenido formateada Contenido: Nacimiento de Hernán Cortes -- Combate y toma de Potonchan -- Cartas del cabildo y ejército para el emperador por la gobernación para Cortés -- El oro y las joyas que Moctezuma dió a Cortés -- Muerte de Hernán Cortés ...
650 ## - PUNTO DE ACCESO ADICIONAL DE MATERIA--TÉRMINO DE MATERIA
Descriptor Descubrimiento y conquista
9 (RLIN) 2362
650 ## - PUNTO DE ACCESO ADICIONAL DE MATERIA--TÉRMINO DE MATERIA
Descriptor Nueva España
9 (RLIN) 3824
650 ## - PUNTO DE ACCESO ADICIONAL DE MATERIA--TÉRMINO DE MATERIA
Descriptor Guerras civiles
9 (RLIN) 7729
942 ## - ELEMENTOS DE PUNTO DE ACCESO ADICIONAL (KOHA)
Fuente de clasificación
Tipo de item Libros-BMC
945 ## - PROCESAMIENTO DE INFORMACIÓN LOCAL (OCLC)
Catalogador afb
Holdings
Estado de retiro (separado) Fuente de clasificación o esquema de estanterías Estado dañado Ubicación Sala donde se ubica Nombre de la colección Fecha de adquisición o compra Costo, precio normal en soles Signatura topográfica Código de Barras Última vez visto (Koha) Tipo de ítem (Koha)
No     Sala Humanidades Sala Humanidades Book Cart 2019-03-04 35.00 985.0191 / L86 / t.2 SH0000002152 2019-03-04 Libros-BMC

Powered by Koha